Bulimia : (Record no. 26796)
[ view plain ]
| 000 -LEADER | |
|---|---|
| fixed length control field | 00756nam a2200205 4500 |
| 008 - FIXED-LENGTH DATA ELEMENTS--GENERAL INFORMATION | |
| fixed length control field | 060607s1986 inua b 001 0 eng |
| 020 ## - INTERNATIONAL STANDARD BOOK NUMBER | |
| International Standard Book Number | 0915202565 :Php120 |
| 090 ## - LOCALLY ASSIGNED LC-TYPE CALL NUMBER (OCLC); LOCAL CALL NUMBER (OCLC) | |
| Classification number (OCLC) (R) ; Classification number, CALL (RLIN) (NR) | RC552.B84 |
| Local cutter number (OCLC) ; Book number/undivided call number, CALL (RLIN) | B32 |
| 100 1# - MAIN ENTRY--PERSONAL NAME | |
| Personal name | Bauer, Barbara G. |
| 245 10 - TITLE STATEMENT | |
| Title | Bulimia : |
| Remainder of title | book for therapist and client / |
| Statement of responsibility, etc | Barbara G. Bauer, Wayne P. Anderson, Robert W. Hyatt ; contributions by Margaret Flynn. |
| 260 ## - PUBLICATION, DISTRIBUTION, ETC. (IMPRINT) | |
| Place of publication, distribution, etc | Muncie, Ind. : |
| Name of publisher, distributor, etc | Accelerated Development, |
| Date of publication, distribution, etc | c1986. |
| 300 ## - PHYSICAL DESCRIPTION | |
| Extent | xiv, 210 p. : |
| Other physical details | ill. ; |
| Dimensions | 23 cm. |
| 500 ## - GENERAL NOTE | |
| General note | Includes indexes. |
| 504 ## - BIBLIOGRAPHY, ETC. NOTE | |
| Bibliography, etc | Bibliography: p. 185-189. |
| 650 #4 - SUBJECT ADDED ENTRY--TOPICAL TERM | |
| Topical term or geographic name as entry element | Bulimia |
| General subdivision | Case studies. |
| 650 #4 - SUBJECT ADDED ENTRY--TOPICAL TERM | |
| Topical term or geographic name as entry element | Bulimia. |
| 951 ## - EQUIVALENCE OR CROSS-REFERENCE-GEOGRAPHIC NAME/AREA NAME [OBSOLETE] [CAN/MARC only] | |
| General subdivision | 00032983 |
| 700 1# - ADDED ENTRY--PERSONAL NAME | |
| Personal name | Anderson, Wayne P. |
| 700 1# - ADDED ENTRY--PERSONAL NAME | |
| Personal name | Hyatt, Robert W. |
| 951 ## - EQUIVALENCE OR CROSS-REFERENCE-GEOGRAPHIC NAME/AREA NAME [OBSOLETE] [CAN/MARC only] | |
| -- | 29465 |
| -- | RC552.B84/B32 |
| -- | 070613111556468 |
| -- | 2000-12-21 |
| -- | REF |
| Withdrawn status | Lost status | Damaged status | Not for loan | Home library | Current library | Shelving location | Date acquired | Accession number | Shelving control number | Total Checkouts | Full call number | Barcode | Date last seen | Price effective from | Koha item type |
|---|---|---|---|---|---|---|---|---|---|---|---|---|---|---|---|
| BSOP Library | BSOP Library | Reference | 12/21/2000 | 29465 | 127 | RC552.B84/B32 | 00032983 | 02/23/2013 | 02/23/2013 | Books |
